[Event "Romanian Championship Superliga"]
[Site "?"]
[Date "2017.11.17"]
[Round "?"]
[White "Stanciu, Alexandru Ovidiu"]
[Black "Gilea, Lucian"]
[Result "1-0"]
[WhiteElo "2373"]
[BlackElo "2270"]
[PlyCount "131"]
[EventDate "2017.??.??"]

1. d4 d5 2. c4 e6 3. Nc3 Nf6 4. cxd5 exd5 5. Bg5 Be7 6. e3 c6 7. Bd3 h6 8. Bh4
O-O 9. Nge2 Ne4 10. Bxe7 Qxe7 11. Qc2 Re8 12. O-O Nd7 13. Rae1 Nf8 14. Bxe4
dxe4 15. Ng3 b6 16. Qa4 b5 17. Qa5 Nh7 18. Ncxe4 h5 19. f3 h4 20. Nh1 f5 21.
Nc5 Be6 22. b3 Rad8 23. Qc3 Bf7 24. Nf2 Nf6 25. e4 f4 26. Rd1 Nh7 27. Ncd3 Ng5
28. Nxf4 Qf6 29. Qe3 Rf8 30. N2h3 Nh7 31. e5 Qe7 32. e6 Be8 33. Rfe1 Rf5 34.
Qe4 g6 35. Nd3 Nf8 36. Qg4 Kg7 37. Qe4 Nh7 38. f4 Nf6 39. Qe3 Nd5 40. Qc1 b4
41. Qc4 a5 42. Rd2 Rd6 43. Nc5 Nc7 44. Re5 Rd5 45. Rxf5 gxf5 46. Ng5 Nb5 47. h3
Qd6 48. e7 Bh5 49. Qe2 Be8 50. Nce6+ Kg8 51. Qf2 Qxe7 52. Qxh4 Bd7 53. Qh6 Bxe6
54. Nxe6 Nc3 55. Rd3 Ne4 56. Qg6+ Kh8 57. Qh6+ Kg8 58. Qg6+ Kh8 59. Ng5 Nxg5
60. Rg3 Qe1+ 61. Kh2 Qxg3+ 62. Kxg3 Ne4+ 63. Kh2 Nd6 64. h4 Ne4 65. Qxc6 Rxd4
66. Qa8+ 1-0

[Event "9th Arad Open 2016"]
[Site "Arad ROU"]
[Date "2016.08.09"]
[Round "5.21"]
[White "Gilea, Lucian"]
[Black "Sandor, Tamas"]
[Result "1-0"]
[WhiteElo "2287"]
[BlackElo "2059"]
[PlyCount "77"]
[EventDate "2016.08.06"]

1. c4 c5 2. Nc3 Nc6 3. e3 e5 4. g3 g6 5. Bg2 Bg7 6. Nge2 Nge7 7. Nd5 d6 8. Nec3
O-O 9. d3 Be6 10. Rb1 Rb8 11. a3 a5 12. Bd2 f5 13. b4 axb4 14. axb4 Nxb4 15.
Nxb4 cxb4 16. Rxb4 d5 17. cxd5 Nxd5 18. Nxd5 Bxd5 19. Bxd5+ Qxd5 20. Qb3 Rfd8
21. Ke2 Qxb3 22. Rxb3 Rd5 23. Rc1 Rbd8 24. Rc7 b5 25. Rb7 Ra8 26. R7xb5 Rxb5
27. Rxb5 Ra2 28. Ra5 Rxa5 29. Bxa5 Kf7 30. Bc3 g5 31. f3 Bf6 32. h3 Ke6 33. f4
gxf4 34. gxf4 Bd8 35. Bxe5 Bb6 36. e4 Ba5 37. Kf3 Bd2 38. d4 fxe4+ 39. Kxe4 1-0

[Event "9th Arad Open 2016"]
[Site "Arad ROU"]
[Date "2016.08.11"]
[Round "8.8"]
[White "Gilea, Lucian"]
[Black "Balog, Imre"]
[Result "0-1"]
[WhiteElo "2287"]
[BlackElo "2559"]
[PlyCount "76"]
[EventDate "2016.08.06"]

1. d4 d5 2. c4 c6 3. Nc3 Nf6 4. Nf3 a6 5. a4 g6 6. Bf4 Bg7 7. e3 O-O 8. h3 c5
9. dxc5 Qa5 10. Be2 dxc4 11. Nd2 Qxc5 12. Nxc4 Be6 13. Qd4 Qxd4 14. exd4 Nc6
15. Rd1 Rad8 16. Be3 Nd5 17. O-O Ndb4 18. d5 Nxd5 19. Nxd5 Rxd5 20. Rxd5 Bxd5
21. b4 Nxb4 22. Rd1 Bc6 23. Bc5 Na2 24. Na5 Bxa4 25. Rd2 Nc3 26. Bf3 b6 27.
Bxb6 Be5 28. Nc6 Bf6 29. Bd8 Re8 30. Ba5 e6 31. Nb4 Bb5 32. Rc2 Na4 33. Nxa6
Bxa6 34. Bc6 Rb8 35. Bxa4 Rb1+ 36. Kh2 Ra1 37. Rc6 Be5+ 38. g3 Bb7 0-1

[Event "9th Arad Open 2016"]
[Site "Arad ROU"]
[Date "2016.08.12"]
[Round "9.25"]
[White "Dogan, Mire Deniz"]
[Black "Gilea, Lucian"]
[Result "1-0"]
[WhiteElo "2077"]
[BlackElo "2287"]
[PlyCount "87"]
[EventDate "2016.08.06"]

1. d4 Nf6 2. c4 e6 3. Nf3 c5 4. d5 b5 5. Bg5 bxc4 6. e4 Qb6 7. Qc2 Na6 8. Bxc4
h6 9. Bxf6 gxf6 10. O-O Rb8 11. b3 Bg7 12. Nc3 O-O 13. Rac1 d6 14. Ne2 Nb4 15.
Qd2 f5 16. dxe6 fxe6 17. exf5 d5 18. Bd3 Nxd3 19. Qxd3 Ba6 20. Qd2 Rxf5 21.
Rfe1 Bxe2 22. Rxe2 Qd6 23. Qa5 d4 24. Qxa7 d3 25. Rxe6 Qxe6 26. Qxb8+ Rf8 27.
Qb5 Qg6 28. Qc4+ Kh8 29. Kh1 h5 30. Rd1 Rd8 31. Qxc5 d2 32. h3 Bh6 33. Qc3+ Bg7
34. Qa5 Bf6 35. Rxd2 Rg8 36. g3 h4 37. g4 Qe4 38. Qh5+ Kg7 39. Rd7+ Be7 40. Kg2
Rf8 41. Qg5+ Kf7 42. Rxe7+ Qxe7 43. Ne5+ Ke6 44. Qxe7+ 1-0

[Event "Festivalul International de sah Arad 20"]
[Site "Arad"]
[Date "2016.08.07"]
[Round "3.45"]
[White "Gilea, Lucian"]
[Black "Borisichievici, Vasile-Emilian"]
[Result "1-0"]
[WhiteElo "2287"]
[BlackElo "1710"]
[PlyCount "54"]
[EventDate "2016.08.06"]

1. d4 c6 2. c4 d5 3. Nc3 dxc4 4. e3 Bf5 5. Bxc4 e6 6. e4 Bg6 7. Be3 Bb4 8. f3
h6 9. a3 Bd6 10. Nge2 Nd7 11. Rc1 Nb6 12. Ba2 Ne7 13. Nf4 Qb8 14. Nce2 O-O 15.
g4 Nd7 16. O-O Re8 17. Qe1 c5 18. e5 Bc7 19. dxc5 a6 20. Ng3 Nf5 21. Nxf5 Bxf5
22. Bb1 g6 23. Nd5 Nf8 24. Nf6+ Kg7 25. Ba2 Re7 26. Qh4 Bd8 27. Rcd1 h5 1-0

[Event "20th Cap Aurora Open 2016"]
[Site "Cap Aurora ROU"]
[Date "2016.06.27"]
[Round "4.5"]
[White "Gilea, Lucian"]
[Black "Cioara, Andrei Nestor"]
[Result "0-1"]
[WhiteElo "2303"]
[BlackElo "2429"]
[PlyCount "37"]
[EventDate "2016.06.25"]

1. d4 e6 2. Nf3 Nf6 3. c4 c5 4. d5 b5 5. Nc3 b4 6. Na4 exd5 7. cxd5 d6 8. Bg5
Be7 9. a3 a5 10. Qc2 O-O 11. Bxf6 Bxf6 12. e4 Bd7 13. Rb1 Re8 14. Nd2 Bg5 15.
f3 f5 16. Rd1 Bxd2+ 17. Rxd2 fxe4 18. f4 e3 19. Rd1 0-1

[Event "20th Cap Aurora Open 2016"]
[Site "Cap Aurora ROU"]
[Date "2016.06.30"]
[Round "7.10"]
[White "Gilea, Lucian"]
[Black "Zavialov, Volodymyr"]
[Result "1-0"]
[WhiteElo "2303"]
[BlackElo "2157"]
[PlyCount "119"]
[EventDate "2016.06.25"]

1. d4 Nf6 2. c4 e6 3. Nc3 d5 4. g3 Be7 5. Bg2 O-O 6. Nf3 c6 7. O-O b6 8. Ne5
Ba6 9. b3 Nfd7 10. Nxd7 Nxd7 11. cxd5 cxd5 12. a3 Rc8 13. Bb2 Nf6 14. Re1 Qd7
15. Qd2 Rc7 16. f3 Rd8 17. Rac1 h6 18. Bh3 Bb7 19. Qd3 Bc6 20. Rc2 Qc8 21. Rec1
Be8 22. e3 Qb7 23. Bf1 Rdc8 24. Qa6 Qb8 25. Bd3 Bc6 26. b4 Bb7 27. Qa4 Bc6 28.
Qb3 Qb7 29. b5 Bd7 30. a4 Bd6 31. Ba3 Ne8 32. e4 dxe4 33. Bxe4 Qb8 34. d5 Rc4
35. Bd3 Rd4 36. Ne2 Rxd5 37. Rxc8 Bxc8 38. Be4 Bxa3 39. Qxa3 Rd8 40. Qe7 Bd7
41. Rd1 Nf6 42. Bc6 Re8 43. Qa3 Qe5 44. Nd4 Rd8 45. f4 Qh5 46. Nf3 Nd5 47. Rd3
Bxc6 48. bxc6 Rc8 49. Qd6 Qf5 50. Ne5 h5 51. Qd7 Rf8 52. Rxd5 f6 53. c7 fxe5
54. c8=Q Qb1+ 55. Rd1 Qxd1+ 56. Qxd1 Rxc8 57. fxe5 Rc5 58. Qxh5 Kf8 59. Qf3+
Ke7 60. Qb7+ 1-0

[Event "20th Cap Aurora Open 2016"]
[Site "Cap Aurora ROU"]
[Date "2016.07.01"]
[Round "8.5"]
[White "Georgescu, Tiberiu-Marian"]
[Black "Gilea, Lucian"]
[Result "0-1"]
[WhiteElo "2460"]
[BlackElo "2303"]
[PlyCount "100"]
[EventDate "2016.06.25"]

1. d4 Nf6 2. Nf3 c5 3. d5 b5 4. Bg5 d6 5. Bxf6 exf6 6. e4 b4 7. a3 f5 8. Bb5+
Bd7 9. Bxd7+ Nxd7 10. exf5 Be7 11. axb4 cxb4 12. O-O O-O 13. Nbd2 Bf6 14. Ra2
Nc5 15. Nc4 Qd7 16. Nd4 Bxd4 17. Qxd4 Rfe8 18. Qd2 Rab8 19. Raa1 b3 20. c3 Re4
21. Ne3 Rbe8 22. Rae1 Qe7 23. g3 Qg5 24. Qd1 Kf8 25. Kh1 h6 26. h4 Qf6 27. Re2
a5 28. Rfe1 a4 29. Qd2 a3 30. bxa3 Na4 31. Rb1 Qxc3 32. Kg2 Rd4 33. Qc1 Qd3 34.
Re1 Nc5 35. f6 Rb8 36. fxg7+ Kxg7 37. Rd1 Qe4+ 38. Kg1 Rxd1+ 39. Qxd1 h5 40.
Rb2 Qe5 41. Nc4 Qc3 42. Qe2 Nd3 43. Nxd6 Nxb2 44. Nf5+ Kg8 45. Qxh5 Qf6 46. d6
Nc4 47. Nh6+ Kf8 48. Ng4 Qxd6 49. Nh6 Ne5 50. Qg5 Nf3+ 0-1

[Event "Campionatul National Individual Masculi"]
[Site "Olanesti - Hotel Parang"]
[Date "2016.04.02"]
[Round "1.23"]
[White "Anuta, Laurentiu "]
[Black "Gilea, Lucian"]
[Result "0-1"]
[WhiteElo "1937"]
[BlackElo "2285"]
[PlyCount "120"]
[EventDate "2016.04.02"]
[EventRounds "9"]

1. c4 e5 2. g3 c6 3. Bg2 d5 4. b3 dxc4 5. bxc4 Qd4 6. Nc3 Qxc4 7. Nf3 Bd6 8.
Qc2 Nf6 9. d3 Qe6 10. O-O O-O 11. Ng5 Qe7 12. a4 Na6 13. Nce4 Bb4 14. Nxf6+
Qxf6 15. Rb1 h6 16. Ne4 Qe7 17. Nd2 Be6 18. Nc4 f6 19. Ne3 Nc7 20. Bd2 a5 21.
Rb2 Na6 22. Nc4 Bxd2 23. Nxd2 Nb4 24. Qc3 b6 25. Nb3 Rad8 26. Na1 c5 27. Nc2
Qe8 28. Ra1 Rf7 29. Ne3 Rd4 30. Nc2 Nxc2 31. Qxc2 Rb4 32. Bf3 Qd7 33. Rbb1 Rf8
34. Bg2 Qd4 35. Ra3 Rxb1+ 36. Qxb1 Qb4 37. Ra1 Qd4 38. Bc6 Rd8 39. Ra3 Qb4 40.
Qc1 Rd6 41. Bb5 Kf8 42. Ra1 Qd4 43. Rb1 e4 44. e3 Qe5 45. d4 cxd4 46. Qc7 Kg8
47. exd4 Qxd4 48. Be2 e3 49. Rf1 exf2+ 50. Rxf2 Qc5 51. Qb8+ Kh7 52. Qe8 Qc8
53. Qb5 Qc1+ 54. Bf1 Qc5 55. Qb1+ g6 56. Qe4 f5 57. Qb7+ Rd7 58. Qb8 Rd2 59.
Qb7+ Kg8 60. Qb8+ Kg7 0-1

[Event "Campionatul National Individual Masculi"]
[Site "Olanesti - Hotel Parang"]
[Date "2016.04.03"]
[Round "2.4"]
[White "Gilea, Lucian"]
[Black "Miron, Lucian Costin"]
[Result "0-1"]
[WhiteElo "2285"]
[BlackElo "2511"]
[PlyCount "100"]
[EventDate "2016.04.02"]
[EventRounds "9"]

1. d4 Nf6 2. c4 e6 3. Nf3 Bb4+ 4. Bd2 Qe7 5. a3 Bxd2+ 6. Nbxd2 d6 7. Qc2 e5 8.
e3 e4 9. Ng1 O-O 10. Ne2 c6 11. h3 Re8 12. g4 h6 13. Bg2 d5 14. Rc1 Na6 15. Ng3
Be6 16. Bf1 Rec8 17. c5 Nb8 18. Be2 Nbd7 19. O-O h5 20. g5 Nh7 21. h4 f6 22. g6
Nhf8 23. Bxh5 f5 24. f4 Qxh4 25. Kg2 Qf6 26. Rh1 Nxg6 27. Bxg6 Qxg6 28. Rh5 Nf6
29. Rg5 Qf7 30. Nxf5 Bxf5 31. Rxf5 Ng4 32. Rxf7 Nxe3+ 33. Kh3 Nxc2 34. Rxb7
Nxd4 35. Rg1 Ne6 36. f5 Rc7 37. Rxc7 Nxc7 38. Rg6 Re8 39. Rxc6 Nb5 40. Re6 Rxe6
41. fxe6 Nd4 42. Kg2 Nxe6 43. c6 Kf7 44. b4 Ke7 45. Kf2 Nd4 46. Ke3 Nxc6 47.
Nb3 Kd6 48. b5 Ne5 49. a4 g5 50. Kd4 g4 0-1

[Event "Campionatul National Individual Masculi"]
[Site "Olanesti - Hotel Parang"]
[Date "2016.04.06"]
[Round "5.8"]
[White "Berescu, Alin Mile"]
[Black "Gilea, Lucian"]
[Result "1-0"]
[WhiteElo "2454"]
[BlackElo "2285"]
[PlyCount "50"]
[EventDate "2016.04.02"]
[EventRounds "9"]

1. d4 Nf6 2. c4 e6 3. Nc3 Bb4 4. Qc2 Nc6 5. Nf3 O-O 6. Bd2 d5 7. e3 a5 8. Bd3
dxc4 9. Bxc4 b6 10. a3 Be7 11. Bd3 Bb7 12. Ne4 Nd5 13. h4 f5 14. Neg5 Qd6 15.
e4 Bxg5 16. hxg5 Nf4 17. Bxf4 Qxf4 18. Rh4 Qd6 19. exf5 exf5 20. Bc4+ Kh8 21.
O-O-O b5 22. Bxb5 Ne7 23. Ne5 Be4 24. Rxh7+ Kxh7 25. Rh1+ Qh6 1-0

[Event "Campionatul National Individual Masculi"]
[Site "Olanesti - Hotel Parang"]
[Date "2016.04.07"]
[Round "6.12"]
[White "Gilea, Lucian"]
[Black "Petrisor, Adrian-Marian"]
[Result "0-1"]
[WhiteElo "2285"]
[BlackElo "2412"]
[PlyCount "77"]
[EventDate "2016.04.02"]
[EventRounds "9"]

1. d4 Nf6 2. Nf3 e6 3. g3 b6 4. Bg2 Bb7 5. O-O c5 6. c3 d5 7. Nbd2 Bd6 8. dxc5
bxc5 9. e4 Be7 10. exd5 Bxd5 11. Qe2 O-O 12. Nc4 Nbd7 13. Rd1 Qc8 14. Nfe5 Nxe5
15. Nxe5 Qb7 16. Bxd5 exd5 17. Qf3 Rae8 18. Nd3 Rd8 19. b4 Ne4 20. Nxc5 Bxc5
21. bxc5 Qb5 22. Bf4 Qxc5 23. Be5 Rfe8 24. Bd4 Qc8 25. Qh5 Rd6 26. h3 Qd7 27.
Qg4 f5 28. Qf3 Ng5 29. Qh5 Rg6 30. Rd3 f4 31. g4 Qe7 32. h4 Qe4 33. hxg5 Qxd3
34. Kh2 a5 35. a4 Re2 36. Kg1 Qe4 37. Rf1 h6 38. f3 Qc2 39. Bf2 0-1

[Event "Campionatul National Individual Masculi"]
[Site "Olanesti - Hotel Parang"]
[Date "2016.04.08"]
[Round "7.19"]
[White "Pit-Rada, Mihail Cosmin"]
[Black "Gilea, Lucian"]
[Result "0-1"]
[WhiteElo "2094"]
[BlackElo "2285"]
[PlyCount "110"]
[EventDate "2016.04.02"]
[EventRounds "9"]

1. Nf3 d5 2. c4 c6 3. b3 Bf5 4. Bb2 e6 5. g3 Nf6 6. Bg2 a5 7. O-O a4 8. bxa4
Nbd7 9. cxd5 exd5 10. d3 Be7 11. Bc3 O-O 12. a5 Re8 13. Nbd2 c5 14. Nb3 d4 15.
Bb2 Be6 16. Nfd2 Ra7 17. Qc2 Nd5 18. a3 f5 19. Nc4 f4 20. Nbd2 N7f6 21. Ne4 Ng4
22. Bc1 Bf8 23. Rb1 Bf7 24. h3 Nh6 25. Bxf4 Nxf4 26. gxf4 Bd5 27. e3 Nf5 28.
Rfe1 Nh4 29. Bh1 Kh8 30. Ned6 Bxd6 31. Bxd5 Bc7 32. Bh1 Bxa5 33. Re2 Bc7 34.
Rxb7 Rxb7 35. Bxb7 Qd7 36. exd4 Rf8 37. dxc5 Bxf4 38. Bg2 Qd4 39. Qd1 Qxc5 40.
Re4 Bg3 41. Ne3 Bxf2+ 42. Kh1 Qxa3 43. Qe2 Qc5 44. Nd1 Nxg2 45. Re8 Nf4 46.
Rxf8+ Qxf8 47. Qxf2 Qa8+ 48. Kh2 Nxd3 49. Qe3 Qb8+ 50. Kg2 Nf4+ 51. Kf1 h6 52.
Nf2 Qb1+ 53. Qe1 Qb5+ 54. Kg1 Qg5+ 55. Ng4 Nxh3+ 0-1

[Event "Campionatul National Individual Masculi"]
[Site "Olanesti - Hotel Parang"]
[Date "2016.04.09"]
[Round "8.13"]
[White "Gilea, Lucian"]
[Black "Toma, Radu Cristian"]
[Result "1/2-1/2"]
[WhiteElo "2285"]
[BlackElo "2351"]
[PlyCount "61"]
[EventDate "2016.04.02"]
[EventRounds "9"]

1. d4 Nf6 2. c4 e6 3. Nf3 b6 4. g3 Bb4+ 5. Bd2 Be7 6. Bg2 c6 7. Qc2 O-O 8. O-O
d5 9. cxd5 cxd5 10. Ne5 Ba6 11. Nc3 Nfd7 12. Nf3 b5 13. a3 Qb6 14. b4 Nc6 15.
Qd3 Bf6 16. e4 Nxd4 17. exd5 Nxf3+ 18. Qxf3 Bb7 19. Qe2 exd5 20. Rad1 d4 21.
Bxb7 Qxb7 22. Qxb5 Nb6 23. Na4 Rfd8 24. Nxb6 axb6 25. Rfe1 Qa6 26. Qxa6 Rxa6
27. Bf4 g5 28. Be5 Bxe5 29. Rxe5 Rxa3 30. Rxg5+ Kf8 31. Rg4 1/2-1/2

[Event "3rd Iasi , Open"]
[Site "?"]
[Date "2016.06.14"]
[Round "?"]
[White "Gilea, Lucian"]
[Black "Zubarev, Alexsander M"]
[Result "0-1"]
[WhiteElo "2303"]
[BlackElo "2552"]
[PlyCount "58"]
[EventDate "2016.??.??"]

1. d4 g6 2. c4 Bg7 3. e4 d6 4. Nc3 Nf6 5. Nge2 O-O 6. Ng3 h5 7. h4 Nbd7 8. Be2
a6 9. Be3 c5 10. Qd2 cxd4 11. Bxd4 b6 12. Nd5 Bb7 13. Rc1 b5 14. Nxf6+ Nxf6 15.
cxb5 axb5 16. a3 Ra4 17. b4 Rxa3 18. O-O e5 19. Bb2 Ra2 20. f3 d5 21. Ra1 Rxa1
22. Rxa1 Qb6+ 23. Kh1 dxe4 24. Bxe5 Rd8 25. Qe1 exf3 26. Bxf3 Bxf3 27. gxf3 Re8
28. Rd1 Qb7 29. Kh2 Rxe5 0-1

[Event "Campionatul National Individual Masculi"]
[Site "?"]
[Date "2016.04.04"]
[Round "?"]
[White "Kutnik, Alexandru-Francisc"]
[Black "Gilea, Lucian"]
[Result "0-1"]
[WhiteElo "2101"]
[BlackElo "2285"]
[PlyCount "138"]
[EventDate "2016.??.??"]

1. d4 Nf6 2. Nf3 c5 3. c3 d5 4. g3 Nc6 5. dxc5 a5 6. a4 e6 7. Bg2 Bxc5 8. O-O
Qb6 9. Na3 Ne4 10. e3 Bd7 11. Nb5 O-O 12. Nd2 Nxd2 13. Bxd2 Ne5 14. Qb3 f5 15.
Rfd1 Rac8 16. Bc1 Kh8 17. Qa2 Bxb5 18. axb5 Qxb5 19. Qxa5 Qe2 20. Rf1 h5 21.
Qa4 Bd6 22. Qd1 Qxd1 23. Rxd1 Ra8 24. Rb1 Rac8 25. Bd2 Nc4 26. Be1 Be5 27. Bf1
b5 28. Rdc1 Rb8 29. b3 Nd6 30. Ra1 Rb6 31. f3 Rc8 32. Ra2 Rbc6 33. Rac2 Kg8 34.
Kg2 g5 35. f4 Bf6 36. h4 g4 37. Bd3 Kf7 38. Kf1 R8c7 39. Kg2 Ke7 40. Kf1 Kd7
41. Kg2 Kc8 42. Kh2 Kb7 43. Kg2 Kb6 44. Kh2 Rc8 45. Kg2 R6c7 46. Kh2 Rc6 47.
Kg2 R8c7 48. Kh2 Kb7 49. Kg2 Kc8 50. Kf1 Kd7 51. Kg2 e5 52. Kh2 e4 53. Be2 b4
54. c4 dxc4 55. Bxb4 cxb3 56. Rxc6 Rxc6 57. Rd1 Kc7 58. Kg2 b2 59. Ba3 Rb6 60.
Rb1 Rb3 61. Bc5 Kc6 62. Bxd6 Kxd6 63. Kf2 Ra3 64. Bd1 Ra1 65. Bc2 Kc5 66. Ke2
Kb4 67. Kd2 Rxb1 68. Bxb1 Kb3 69. Kd1 Kc3 0-1

[Event "Campionatul National Individual Masculi"]
[Site "?"]
[Date "2016.04.05"]
[Round "?"]
[White "Gilea, Lucian"]
[Black "Nevednichy, Vladislav"]
[Result "1/2-1/2"]
[WhiteElo "2285"]
[BlackElo "2562"]
[PlyCount "81"]
[EventDate "2016.??.??"]

1. d4 g6 2. Nf3 Bg7 3. Bf4 b6 4. e3 Bb7 5. Be2 d6 6. c4 Nf6 7. h3 O-O 8. Nc3
Ne4 9. Nxe4 Bxe4 10. O-O c5 11. Rc1 a6 12. a3 Nc6 13. Ng5 Bf5 14. Bf3 Rc8 15.
Bxc6 Rxc6 16. e4 Bd7 17. d5 Rc8 18. Qd2 b5 19. cxb5 axb5 20. Nf3 Ra8 21. e5 Bf5
22. Rfe1 Ra4 23. Bh6 Qd7 24. Bxg7 Kxg7 25. b3 Ra6 26. Qc3 Kg8 27. exd6 exd6 28.
Qf6 Ra7 29. b4 Qd8 30. Qxd8 Rxd8 31. bxc5 dxc5 32. Rxc5 Rxa3 33. Ne5 Bd7 34. d6
Be6 35. Rd1 Ra6 36. d7 Kg7 37. Rc7 b4 38. Nc6 Rxd7 39. Rcxd7 Bxd7 40. Nb8 Ba4
41. Nxa6 1/2-1/2

[Event "arad2016"]
[Site "?"]
[Date "2016.08.06"]
[Round "1.34"]
[White "Gilea, Lucian"]
[Black "Bonte, Arghir"]
[Result "1-0"]
[WhiteElo "2287"]
[BlackElo "1948"]
[PlyCount "69"]
[EventDate "2016.??.??"]

1. d4 {(%clk 1:26:11)} Nf6 {(%clk 1:30:32)} 2. c4 {(%clk 1:26:35)} e6 {
(%clk 1: 30:50)} 3. Nc3 {(%clk 1:26:48)} Bb4 {(%clk 1:30:34)} 4. e3 {
(%clk 1:27:01)} b6 {(%clk 1:29:19)} 5. Nge2 {(%clk 1:25:36)} Bb7 {
(%clk 1:29:12)} 6. a3 {(%clk 1: 26:03)} Be7 {(%clk 1:29:24)} 7. f3 {
(%clk 1:25:23)} O-O {(%clk 1:29:27)} 8. e4 {(%clk 1:25:38)} d6 {(%clk 1:28:46)}
9. Be3 {(%clk 1:25:31)} c5 {(%clk 1:28:30)} 10. d5 {(%clk 1:25:36)} exd5 {
(%clk 1:27:28)} 11. cxd5 {(%clk 1:25:37)} Re8 {(%clk 1:27:06)} 12. Ng3 {
(%clk 1:25:44)} Bf8 {(%clk 1:27:01)} 13. h4 {(%clk 1: 24:52)} Ba6 {
(%clk 1:22:02)} 14. Bxa6 {(%clk 1:24:28)} Nxa6 {(%clk 1:22:30)} 15. h5 {
(%clk 1:22:29)} Nc7 {(%clk 1:21:54)} 16. Nf5 {(%clk 1:21:08)} b5 {
(%clk 1:19:49)} 17. Kf2 {(%clk 1:20:52)} b4 {(%clk 1:19:53)} 18. axb4 {
(%clk 1: 21:16)} cxb4 {(%clk 1:20:21)} 19. Ne2 {(%clk 1:21:33)} Re5 {
(%clk 1:19:02)} 20. g4 {(%clk 1:20:06)} Nb5 {(%clk 1:17:30)} 21. Ned4 {
(%clk 1:17:01)} Qd7 {(%clk 1:12:31)} 22. Nc6 {(%clk 1:16:43)} Nxe4+ {
(%clk 1:08:44)} 23. fxe4 {(%clk 1:17:04)} Rxe4 {(%clk 1:09:12)} 24. Qd3 {
(%clk 1:11:19)} Rae8 {(%clk 1: 08:11)} 25. Qxb5 {(%clk 1:10:12)} Rxg4 {
(%clk 1:04:51)} 26. Ncd4 {(%clk 1:02: 51)} Qd8 {(%clk 1:03:30)} 27. Rag1 {
(%clk 1:03:09)} Rxg1 {(%clk 1:00:14)} 28. Rxg1 {(%clk 1:03:37)} Kh8 {
(%clk 0:59:36)} 29. Bg5 {(%clk 1:03:08)} f6 {(%clk 0:56:20)} 30. Ne6 {
(%clk 1:02:28)} Rxe6 {(%clk 0:54:42)} 31. dxe6 {(%clk 1:02:52)} fxg5 {
(%clk 0:51:35)} 32. e7 {(%clk 1:03:15)} Bxe7 {(%clk 0:51: 39)} 33. Nxe7 {
(%clk 1:03:42)} d5 {(%clk 0:47:28)} 34. Rxg5 {(%clk 1:03:32)} g6 {
(%clk 0:46:22)} 35. hxg6 {(%clk 1:03:28)} 1-0

[Event "arad2016"]
[Site "?"]
[Date "2016.08.07"]
[Round "2.1"]
[White "Istratescu, Andrei"]
[Black "Gilea, Lucian"]
[Result "1-0"]
[WhiteElo "2582"]
[BlackElo "2287"]
[PlyCount "37"]
[EventDate "2016.??.??"]

1. d4 {(%clk 1:28:50)} Nf6 {(%clk 1:30:52)} 2. c4 {(%clk 1:29:16)} e6 {
(%clk 1: 31:19)} 3. Nf3 {(%clk 1:29:28)} Bb4+ {(%clk 1:31:38)} 4. Nbd2 {
(%clk 1:29:06)} d5 {(%clk 1:32:02)} 5. Qa4+ {(%clk 1:29:17)} Nc6 {
(%clk 1:32:23)} 6. e3 {(%clk 1:29:37)} dxc4 {(%clk 1:30:47)} 7. a3 {
(%clk 1:26:51)} Be7 {(%clk 1:29: 37)} 8. Nxc4 {(%clk 1:24:17)} O-O {
(%clk 1:30:00)} 9. Qc2 {(%clk 1:20:55)} a6 {(%clk 1:28:50)} 10. Bd3 {
(%clk 1:16:35)} h6 {(%clk 1:27:43)} 11. O-O {(%clk 1: 14:28)} Re8 {
(%clk 1:25:19)} 12. Rd1 {(%clk 1:11:33)} Qd5 {(%clk 1:21:33)} 13. e4 {
(%clk 1:08:03)} Qh5 {(%clk 1:21:59)} 14. Bf4 {(%clk 1:07:14)} Bd7 {
(%clk 1: 14:09)} 15. Nce5 {(%clk 0:56:49)} Rad8 {(%clk 1:09:31)} 16. Be2 {
(%clk 0:56:07)} Bd6 {(%clk 1:06:46)} 17. Ng5 {(%clk 0:52:43)} Qh4 {
(%clk 1:00:02)} 18. g3 {(%clk 0:52:00)} Bxe5 {(%clk 0:59:22)} 19. dxe5 {
(%clk 0:52:00)} 1-0

[Event "arad2016"]
[Site "?"]
[Date "2016.08.08"]
[Round "4.29"]
[White "Veron, Andrei-Stefan"]
[Black "Gilea, Lucian"]
[Result "0-1"]
[WhiteElo "1880"]
[BlackElo "2287"]
[PlyCount "72"]
[EventDate "2016.??.??"]

1. c4 {(%clk 1:30:56)} c6 {(%clk 1:30:43)} 2. Nc3 {(%clk 1:31:20)} d5 {
(%clk 1: 31:10)} 3. cxd5 {(%clk 1:31:41)} cxd5 {(%clk 1:31:34)} 4. Nf3 {
(%clk 1:31:57)} Nc6 {(%clk 1:31:58)} 5. g3 {(%clk 1:32:18)} e5 {(%clk 1:32:07)}
6. d3 {(%clk 1: 32:29)} h6 {(%clk 1:32:05)} 7. Bg2 {(%clk 1:32:51)} Nf6 {
(%clk 1:32:22)} 8. O-O {(%clk 1:33:14)} Be7 {(%clk 1:32:26)} 9. a3 {
(%clk 1:32:31)} a5 {(%clk 1:31:39)} 10. Bd2 {(%clk 1:32:09)} Be6 {
(%clk 1:31:22)} 11. Rc1 {(%clk 1:31:58)} O-O {(%clk 1:29:31)} 12. Na4 {
(%clk 1:23:39)} d4 {(%clk 1:25:19)} 13. Rxc6 {(%clk 1: 08:01)} bxc6 {
(%clk 1:17:22)} 14. Nxe5 {(%clk 1:08:21)} Bd5 {(%clk 1:14:14)} 15. Nxc6 {
(%clk 1:06:07)} Bxc6 {(%clk 1:13:38)} 16. Bxc6 {(%clk 1:06:35)} Rb8 {
(%clk 1:10:45)} 17. Bf3 {(%clk 0:57:09)} Qc7 {(%clk 1:08:24)} 18. Qc1 {
(%clk 0: 52:32)} Qa7 {(%clk 1:07:37)} 19. Qe1 {(%clk 0:45:40)} Qd7 {
(%clk 1:05:00)} 20. Qd1 {(%clk 0:46:00)} Qb5 {(%clk 1:05:07)} 21. Bc1 {
(%clk 0:38:33)} Bd6 {(%clk 1:02:05)} 22. e3 {(%clk 0:36:31)} Rfc8 {
(%clk 0:58:51)} 23. Bd2 {(%clk 0: 36:25)} Qxd3 {(%clk 0:58:34)} 24. exd4 {
(%clk 0:35:34)} Qf5 {(%clk 0:56:16)} 25. Bc3 {(%clk 0:33:01)} Rc4 {
(%clk 0:52:34)} 26. Be2 {(%clk 0:32:33)} Qh3 {(%clk 0:44:01)} 27. f4 {
(%clk 0:24:15)} Rcc8 {(%clk 0:40:47)} 28. Bxa5 {(%clk 0:24:35)} h5 {
(%clk 0:40:57)} 29. Qd3 {(%clk 0:16:46)} Re8 {(%clk 0:39: 44)} 30. Nb6 {
(%clk 0:13:35)} Bc7 {(%clk 0:39:08)} 31. Nc4 {(%clk 0:13:55)} Bxa5 {
(%clk 0:39:30)} 32. Nxa5 {(%clk 0:13:56)} Rxb2 {(%clk 0:39:53)} 33. Rf2 {
(%clk 0:11:41)} Ng4 {(%clk 0:36:46)} 34. Rg2 {(%clk 0:09:44)} Ra2 {
(%clk 0:36: 50)} 35. Nb3 {(%clk 0:08:25)} Qxg2+ {(%clk 0:36:17)} 36. Kxg2 {
(%clk 0:08:42)} Raxe2+ {(%clk 0:36:42)} 0-1